000 00626nam a2200193Ia 4500
003 GCL
008 140319s9999 xx 000 0 ara d
040 _aGCL /
_cGCL
082 0 4 _a810.94
_bش ع
100 1 _aشوقى ضيف
245 1 0 _aالعصر العباسى الاول /
_cشوقى ضيف
260 _aالقاهرة :
_bدار المعارف ،
_c1990
300 _a576 ص ؛
_c24 سم
490 _aبرامج التربية الحركية
_v0
650 0 4 _aالادب العربى - تاريخ
650 0 4 _aتاريخ ونقد
650 0 4 _aالادب العربى - تاريخ ونقد
942 _2ddc
_cBK
999 _c33162
_d33162